[Event "FRA-chT3 0405"]
[Site "France"]
[Date "2004.12.05"]
[Round "4"]
[White "Kerriou, Gilles"]
[Black "Baraut, Adeline"]
[Result "1-0"]
[WhiteElo "1500"]
[BlackElo "1299"]
[PlyCount "73"]
[EventDate "2004.10.10"]
[EventType "team"]
[EventRounds "9"]
[EventCountry "FRA"]
[SourceTitle "EXT 2007"]
[Source "ChessBase"]
[SourceDate "2006.11.23"]
[SourceVersion "1"]
[SourceVersionDate "2006.11.23"]
[SourceQuality "1"]

1. e4 e6 2. d4 Nf6 3. Bd3 Nc6 4. c3 d6 5. Nf3 Be7 6. 0-0 0-0 7. e5 Nh5 8. g4 d5 9. gxh5 h6 10. Kh1 f6 11. Be3 Qe8 12. Bg6 Rf7 13. Rg1 f5 14. Bf4 Qd8 15. Rg2 Kf8 16. Qg1 Ke8 17. Bxf7+ Kxf7 18. Rxg7+ Ke8 19. Rg8+ Kd7 20. Rxd8+ Nxd8 21. Bxh6 b6 22. Qg7 Bb7 23. Bg5 Nc6 24. h6 Re8 25. h7 Ba6 26. Bxe7 Nxe7 27. h8Q Rxh8 28. Qxh8 Kc6 29. Qe8+ Kb7 30. Qxe7 f4 31. Nbd2 Be2 32. Rg1 Bb5 33. Rg7 Ka6 34. Qxc7 Bd3 35. Qxa7+ Kb5 36. a4+ Kc6 37. Qd7# 1-0